书目信息 |
| 题名: |
酒店景观世纪
|
|
| 作者: | 刘小冬 | |
| 分册: | ||
| 出版信息: | 武汉 华中科技大学出版社 2015.01 |
|
| 页数: | 320页 | |
| 开本: | 965·1270cm | |
| 丛书名: | ||
| 单 册: | ||
| 中图分类: | TU247.3 | |
| 科图分类: | ||
| 主题词: | 民用建筑--建筑设计 | |
| 电子资源: | ||
| ISBN: | 978-7-5680-0629-3 | |
| 000 | 00620nam0 2200217 450 | |
| 001 | 822 | |
| 005 | 20160912094430.45 | |
| 010 | @a978-7-5680-0629-3@dCNY338.00 | |
| 092 | @bJIUDIAN | |
| 100 | @a20160724d2015 km y0chiy0120 ea | |
| 101 | 0 | @achi |
| 102 | @aCN@b420000 | |
| 200 | 1 | @a酒店景观世纪@Ajiu dian jing guan shi ji@f刘小冬@Fliu xiao dong |
| 210 | @a武汉@c华中科技大学出版社@d2015.01 | |
| 215 | @a320页@d965·1270cm | |
| 330 | @a饭店·景观设计 | |
| 606 | 0 | @a民用建筑@x建筑设计 |
| 690 | @aTU247.3@v4 | |
| 701 | 0 | @a刘小冬@Aliu xiao dong |
| 801 | 0 | @aCN@b唐山师范学院图书馆@c20160724 |
| 905 | @aZUCC@dTU247.3@e796 | |
| 酒店景观世纪/刘小冬.-武汉:华中科技大学出版社,2015.01 |
| 320页;965·1270cm |
| ISBN 978-7-5680-0629-3:CNY338.00 |
| 饭店·景观设计 |
| ● |
| 相关链接 |
|
|
|
|
正题名:酒店景观世纪
索取号:TU247.3/796
 
预约/预借
| 序号 | 登录号 | 条形码 | 馆藏地/架位号 | 状态 | 备注 |
| 1 | 903593 | 209035934 | 第二样本阅览室/ [索取号:TU247.3/796] | 在馆 | |
| 2 | 903594 | 209035943 | 第三借阅区/ [索取号:TU247.3/796] | 在馆 | |
| 3 | 903595 | 209035952 | 密集书库-生命科学系/ [索取号:TU247.3/796] | 在馆 |